000 00215nam a22000857a 4500
008 170603b xxu||||| |||| 00| 0 eng d
100 _93239
_aLal. T. K
245 _aModern Mathematics
260 _aDelhi
_bAmbika Publication
999 _c6553
_d6553